Provincias de España más elevadas - Estadísticas

Estadísticas generales
  • Esta prueba ha sido intentada 58 veces
  • La puntuación promedio es 7 de 13
Estadísticas de respuestas
% De la provincia por encima de los 1000 metros de altitud Provincia % Correcto
12,37% Huesca
80%
22,34% Madrid
74%
17,06% León
72%
51,27% Teruel
72%
56,85% Ávila
68%
26,16% Granada
66%
12,66% Burgos
62%
36,84% Segovia
62%
67,75% Soria
60%
45,83% Guadalajara
44%
24,38% Cuenca
36%
18,44% Almería
14%
11,70% Las Palmas
12%
No se encontraron pruebas coincidentes
Distribución de puntuación
Porcentaje de gente con cada puntuación
Porcentaje por número respondido
Historial de tus puntuaciones
No has intentado esta prueba.